[Event "Ruhrgebiet VL1 0304"]
[Site "Ruhrgebiet"]
[Date "2004.02.08"]
[Round "6.7"]
[White "Hermann, Juergen"]
[Black "Weyh, Thomas"]
[Result "1/2-1/2"]
[WhiteElo "1917"]
[BlackElo "1978"]
[PlyCount "57"]
[EventDate "2003.09.28"]
[EventType "team"]
[EventRounds "9"]
[EventCountry "GER"]
[SourceTitle "EXT 2007"]
[Source "ChessBase"]
[SourceDate "2006.11.23"]
[SourceVersion "1"]
[SourceVersionDate "2006.11.23"]
[SourceQuality "1"]
[WhiteTeam "Steele/Kray Rochade"]
[BlackTeam "Oberhausen"]
[WhiteTeamCountry "GER"]
[BlackTeamCountry "GER"]

1. c4 e6 2. g3 d5 3. Bg2 Nf6 4. Nf3 c5 5. cxd5 exd5 6. d4 Nc6 7. 0-0 Be7 8. Nc3 0-0 9. Bf4 Bg4 10. dxc5 Bxc5 11. Rc1 d4 12. Na4 Be7 13. Nc5 Bxc5 14. Rxc5 Qb6 15. Qc1 Rfe8 16. Re1 Ne4 17. Rc4 Be6 18. Ra4 Rac8 19. Qb1 Nc5 20. Ra3 h6 21. h4 Bc4 22. Bf1 Bd5 23. Bh3 Be4 24. Qc1 Ne6 25. Qd2 Bd5 26. Bf5 Rcd8 27. Bxh6 Bxf3 28. Rxf3 gxh6 29. Qxh6 1/2-1/2